|
|
|
|
| LEADER |
00000nab a2200000 a 4500 |
| 001 |
vtls000204385 |
| 005 |
20260514183203.0 |
| 008 |
160202c1985 xo 0 slo |
| 015 |
|
|
|a SNBRB19rr/mm-uuuuu
|
| 035 |
|
|
|a CL0214498
|
| 040 |
|
|
|a SNKBUCL
|b slo
|c SNKBUCL
|e AACR2
|
| 041 |
0 |
|
|a slo
|
| 044 |
|
|
|a xo
|c SK
|
| 080 |
|
|
|a 885.0-1(087.5)
|2 1981
|
| 100 |
1 |
|
|a Florian, Miroslav,
|d 1931-1996
|4 aut
|9 120097
|
| 245 |
1 |
0 |
|a To je on
|c Miroslav Florián
|
| 650 |
0 |
7 |
|a rečňovanky
|2 snkbucl
|9 278360
|
| 655 |
|
7 |
|a články z novín a časopisov
|2 snkbucl
|9 267496
|
| 655 |
|
7 |
|a články z odboru literárna veda a krásna literatúra
|2 snkbucl
|9 770045
|
| 700 |
1 |
|
|a Breza, J.
|4 trl
|9 788969
|
| 700 |
1 |
|
|a Hontyová, Marta,
|d 1949-
|4 ill
|9 37469
|
| 773 |
0 |
|
|t Včielka
|g Roč. 27, č. 11 (1985), s. /1/
|
| 852 |
|
|
|a SNK
|
| 958 |
|
|
|a RK
|
| 958 |
|
|
|a CZ
|
| 958 |
|
|
|a LX
|
| 999 |
|
|
|c 1471985
|d 1473915
|